| 000 | 00706nam a2200205Ia 4500 | ||
|---|---|---|---|
| 003 | GCL | ||
| 008 | 140319s9999 xx 000 0 ara d | ||
| 020 | _a685526977 | ||
| 040 |
_aGCL / _cGCL |
||
| 082 | 0 | 4 |
_a683.8 _bا د |
| 100 | 1 | _aاحمد عبدالمتعال | |
| 245 | 1 | 0 |
_aدليل صيانة واصلاح الاجهزة المنزلية / _cاحمد عبدالمتعال |
| 260 |
_aالقاهرة : _bدار النشر للجامعات المصرية ، _c1999 |
||
| 300 |
_a306 ص ؛ _c24 سم |
||
| 490 |
_aسلسلة الصيانة والاصلاح _v1 |
||
| 650 | 0 | 4 | _aالصيانة |
| 650 | 0 | 4 | _aالتصليح |
| 650 | 0 | 4 | _aالاجهزة المنزلية - صيانة |
| 942 |
_2ddc _cBK |
||
| 999 |
_c5278 _d5278 |
||